00446 2200169 4500001002100000005001500021035002000036245005300056100002700109250000600136300002900142260004500171082001400216084002000230020001800250990000800268INLIS00000000000024020190314092121 a0010-03190000571 aKoleksi Kasus Sherlock Holmes /cDaisy Dianasari0 aSir Arthur Conan Doyle a1 a368 hlm :bilus ;c18 cm aJakarta :bGramedia Pustaka Utama,c1995 a899.221'3 a899.221'3 SIR k a979-605-280-6 a635